[Event "NED-ch Women 2018"]
[Site "Amsterdam"]
[Date "2018.07.08"]
[Round "5"]
[White "Hortensius, Lisa"]
[Black "De Mie, Mariska"]
[Result "1/2-1/2"]
[WhiteElo "2169"]
[BlackElo "2193"]
[Annotator "TA"]
[PlyCount "181"]
[EventDate "2018.07.02"]
[EventType "tourn"]
[EventCountry "NED"]
[SourceTitle "playchess.com"]
[Source "ChessBase"]
[SourceQuality "1"]

{[%evp 14,181,50,16,21,26,30,29,26,16,13,8,23,45,27,26,28,-18,0,-19,-10,-14,-25,-45,-43,-42,0,15,42,40,45,-12,-13,-13,-10,-223,-143,-222,-218,-215,-220,-212,-218,-223,-225,-218,-204,-222,-174,-188,-174,-144,-71,-74,113,119,165,164,164,164,195,77,84,81,93,47,71,49,52,47,47,47,47,47,49,47,54,36,36,36,46,49,60,44,54,45,56,36,47,47,54,53,54,54,54,54,54,54,54,54,60,54,61,45,45,45,45,45,45,45,45,45,45,10,26,26,26,26,26,17,17,17,26,12,26,24,34,26,26,26,26,26,26,26,26,26,26,26,26,15,15,15,15,15,15,15,15,0,0,0,15,15,15,15,15,15,15,15,15,15,15,15,15,0,15,0,0,0,0,0]} 1. e4 c5 2. Nf3 e6 3. d4 cxd4 4. Nxd4 a6 5. Be2 Nf6 6. Nc3 Bb4 7. Qd3 d5 {B41: Sizilianisch (Paulsen-Variante)} (7... O-O 8. O-O d6 9. Nb3 Nbd7 10. a3 Bxc3 11. bxc3 Ne5 12. Qd4 Nc6 13. Qe3 e5 14. Rd1 Be6 15. Nc5 {½-½ (77) Fedorchuk,S (2648)-Quparadze,G (2506) Riadh 2017}) 8. exd5 {LiveBook: 4 Partien} Nxd5 {und nun wäre ...e5 stark für Schwarz.} 9. O-O Nxc3 {Weiß hat minimalen Vorteil.} 10. bxc3 Be7 11. Qg3 O-O $1 12. Rd1 (12. Bf4 {is more complex.} Bh4 13. Qe3 Nd7 14. Rfd1 Bf6 15. Bg3) 12... Qa5 13. Bf4 Nd7 $146 {[%cal Bb8d7,Bd7e5,Be5c4][%mdl 32]} 14. a4 Re8 15. Bf3 Bf6 16. Bd2 Ne5 17. Be4 Nc4 18. Bxh7+ Kxh7 19. Qd3+ g6 (19... Kg8 $15 20. Qxc4 Bd7) 20. Qxc4 $11 Kg7 21. Nb3 Qh5 22. Bf4 (22. Nc5 $14) 22... e5 23. Bg3 Bf5 24. Nd2 $2 (24. Na5 $11) 24... Rac8 $36 {[%mdl 2048] Schwarz ist am Drücker.} ({Bloß nicht} 24... Bxc2 25. Rdc1 $17) 25. Qb3 {[#]} (25. Qf1 $17) 25... Qe2 $1 $19 26. Qb1 Rxc3 27. Nf1 Bxc2 28. Re1 Bxb1 29. Rxe2 Bd3 30. Ree1 b5 31. axb5 axb5 32. Ne3 Rd8 (32... Rc5 $142 {Und ...b4 würde nun gewinnen.} 33. Ng4 b4) 33. Ng4 $17 Rd5 $2 {[#]} (33... e4 $17 {...Ld4 ist eine echte Drohung.} 34. Ra7 Rdc8 35. Nxf6 Kxf6) 34. Ra6 $1 $16 Bg5 {Droht ...Ld2 und aus.} 35. Bxe5+ Rxe5 36. Nxe5 Bf5 37. Rb6 (37. Ra7 $18 {ist der präzise Gewinnweg.}) 37... Rc5 {Und weiter mit ...Ld2 wäre nett.} 38. Nf3 Bf6 39. h3 Bc3 40. Rc1 b4 41. Nd2 Re5 42. Nc4 Re2 43. Ne3 Be6 44. Rb1 Ra2 45. R6xb4 (45. Kf1 {seems wilder.} Kh6 46. Rd6 Kg7 47. Rc6 Kf8 48. h4) 45... Bxb4 46. Rxb4 $14 {[%mdl 4096] Endspiel KTL-KTS} Ra1+ 47. Kh2 Kf6 48. Kg3 Ra5 49. Kf3 Ra3 50. Rb5 Ra4 51. Kg3 Kg7 52. Nd5 Ra3+ 53. f3 Bxd5 54. Rxd5 {KT-KT} Ra1 55. h4 Kh6 56. Rd7 Kg7 57. Kg4 Ra4+ 58. f4 Ra2 59. g3 Ra5 60. Re7 Kf6 61. Re3 Kg7 62. Re5 Ra3 63. h5 Ra6 64. hxg6 Kxg6 65. Rg5+ Kf6 66. Rf5+ Kg6 67. Rb5 Rc6 68. Rb3 Kf6 69. Kf3 Rc1 70. Rb6+ Kg7 71. Kg4 Rc5 72. f5 f6 73. Rb4 Rc7 74. Kh5 Kf7 75. g4 Ra7 76. g5 fxg5 {Die Stellung ist ausgeglichen.} 77. Kxg5 Ra6 78. Rb7+ Kf8 79. Rh7 Rb6 80. Rh8+ Kg7 81. Ra8 Rc6 82. Ra7+ Kf8 83. Rd7 Ra6 84. Kf4 Ra4+ 85. Ke5 Ra5+ 86. Kf6 {[%cal Rd7d8]} Ra6+ 87. Kg5 Rb6 88. Ra7 Rc6 89. f6 {jetzt Kg6 und aus.} Rc1 90. Kg6 {Weiss will mit Ta8+ Matt setzen.} Rg1+ 91. Kf5 {Precision: Weiß = 50%, Schwarz = 57%.} 1/2-1/2

[Event "NED-ch Women 2018"]
[Site "Amsterdam"]
[Date "2018.07.07"]
[Round "5"]
[White "Keetman, Maaike"]
[Black "Haast, Anne"]
[Result "0-1"]
[WhiteElo "2151"]
[BlackElo "2342"]
[Annotator "ChessBase"]
[PlyCount "110"]
[EventDate "2018.07.02"]
[EventType "tourn"]
[EventCountry "NED"]
[SourceTitle "playchess.com"]
[Source "ChessBase"]
[SourceQuality "1"]
[TimeControl "40/5400+30:1800+30"]

1. e4 {[%emt 0:00:00]} e5 {[%emt 0:00:00]} 2. Nf3 {[%emt 0:00:00]} Nc6 {[%emt 0:00:00]} 3. d4 {[%emt 0:00:00]} exd4 {[%emt 0:00:16]} 4. Nxd4 {[%emt 0:00:00]} Nf6 {[%emt 0:00:42]} 5. Nxc6 {[%emt 0:00:11]} bxc6 {[%emt 0:00:28]} 6. e5 {[%emt 0:00:06]} Qe7 {[%emt 0:00:17]} 7. Qe2 {[%emt 0:00:06]} Nd5 {[%emt 0:00:14]} 8. h4 {[%emt 0:00:18]} Bb7 {[%emt 0:16:21]} 9. c4 {[%emt 0:02:22]} Nb6 {[%emt 0:00:40]} 10. Rh3 {[%emt 0:01:16]} Qe6 {[%emt 0:04:16]} 11. Bf4 {[%emt 0:13:02]} a5 {[%emt 0:19:59]} 12. Nd2 {[%emt 0:06:29]} O-O-O {[%emt 0:04:02]} 13. O-O-O {[%emt 0:03:28]} a4 {[%emt 0:02:19]} 14. Ne4 {[%emt 0:10:08]} f6 {[%emt 0:03:19]} 15. exf6 {[%emt 0:11:28]} gxf6 {[%emt 0:08:09]} 16. Qc2 {[%emt 0:11:49]} c5 {[%emt 0:08:50]} 17. Re3 {[%emt 0:05:23]} Qf7 {[%emt 0:00:23]} 18. Ng3 {[%emt 0:12:36]} d5 {[%emt 0:05:55]} 19. Qf5+ {[%emt 0:02:59]} Kb8 {[%emt 0:00:10]} 20. Re6 {[%emt 0:00:39]} Bd6 {[%emt 0:06:29]} 21. Rxf6 {[%emt 0:01:17]} Qe8 {[%emt 0:01:41]} 22. Re6 {[%emt 0:01:39]} Qf8 {[%emt 0:00:01]} 23. Rf6 {[%emt 0:00:39]} Qe8 {[%emt 0:00:01]} 24. Bg5 {[%emt 0:02:55]} a3 {[%emt 0:01:36]} 25. Re6 {[%emt 0:01:40]} axb2+ {[%emt 0:00:24]} 26. Kb1 {[%emt 0:00:20]} Qa4 {[%emt 0:00:57]} 27. Qc2 {[%emt 0:00:21]} Rdf8 {[%emt 0:00:56]} 28. Bf6 {[%emt 0:04:16]} Rhg8 {[%emt 0:00:15]} 29. Bd3 {[%emt 0:00:21]} Bc8 {[%emt 0:01:34]} 30. Rxd6 {[%emt 0:00:27]} cxd6 {[%emt 0:00:30]} 31. Be7 {[%emt 0:00:37]} Rxf2 {[%emt 0:03:22]} 32. Bxd6+ {[%emt 0:00:10]} Ka7 {[%emt 0:01:40]} 33. Rd2 {[%emt 0:01:32]} Qxc2+ {[%emt 0:01:16]} 34. Rxc2 {[%emt 0:00:16]} Rxc2 {[%emt 0:01:22]} 35. Kxc2 {[%emt 0:00:37]} dxc4 {[%emt 0:02:58]} 36. Bxh7 {[%emt 0:00:29]} Rg7 {[%emt 0:00:40]} 37. Be4 {[%emt 0:00:48]} Na4 {[%emt 0:00:34]} 38. h5 {[%emt 0:05:09]} Rxg3 {[%emt 0:04:39]} 39. Bxg3 {[%emt 0:00:16]} b1=Q+ {[%emt 0:00:16]} 40. Kxb1 {[%emt 0:00:05]} Nc3+ {[%emt 0:00:03]} 41. Kb2 {[%emt 0:31:51]} Nxe4 {[%emt 0:30:02]} 42. Bf4 {[%emt 0:02:03]} Kb6 {[%emt 0:01:06]} 43. h6 {[%emt 0:00:00]} Bf5 {[%emt 0:00:00]} 44. g4 {[%emt 0:00:00]} Bg6 {[%emt 0:00:00]} 45. Be3 {[%emt 0:00:00]} Kb5 {[%emt 0:00:00]} 46. Ka3 {[%emt 0:00:00]} c3 {[%emt 0:00:00]} 47. Kb3 {[%emt 0:00:00]} c4+ {[%emt 0:00:00]} 48. Kc2 {[%emt 0:00:00]} Nf6+ {[%emt 0:00:00]} 49. Kxc3 {[%emt 0:00:00]} Nd5+ {[%emt 0:00:00]} 50. Kd4 {[%emt 0:00:00]} Nxe3 {[%emt 0:00:00]} 51. Kxe3 {[%emt 0:00:00]} c3 {[%emt 0:00:00]} 52. Ke2 {[%emt 0:00:00]} Ka4 {[%emt 0:00:00]} 53. Kd1 {[%emt 0:00:00]} Ka3 {[%emt 0:00:00]} 54. Kc1 {[%emt 0:00:00]} Kxa2 {[%emt 0:00:13]} 55. g5 {[%emt 0:00:00]} Kb3 {[%emt 0:00:00]} 0-1

[Event "NED-ch Women 2018"]
[Site "Amsterdam"]
[Date "2018.07.08"]
[Round "5"]
[White "Keetman, Maaike"]
[Black "Haast, Anne"]
[Result "0-1"]
[WhiteElo "2151"]
[BlackElo "2342"]
[Annotator "TA"]
[PlyCount "110"]
[EventDate "2018.07.02"]
[EventType "tourn"]
[EventCountry "NED"]
[SourceTitle "playchess.com"]
[Source "ChessBase"]
[SourceQuality "1"]

{[%evp 17,110,-4,0,0,16,-9,9,5,46,66,83,107,116,106,115,93,144,139,135,88,113,97,92,91,79,66,75,-452,64,0,79,-87,-72,-93,-89,-220,-247,-259,-268,-344,-351,-546,-518,-691,-674,-641,-634,-588,-604,-549,-408,-398,-380,-553,-553,-555,-537,-547,-547,-599,-299,-300,-294,-277,-275,-217,-200,-284,-276,-327,-325,-363,-352,-498,-471,-29976,-5738,-5381,-5050,-4133,-4125,-29982,-29983,-29983,-29984,-29985,-29986,-29986,-29987,-29988,-29989,-29989,-29990,-29990,-29990]} 1. e4 e5 2. Nf3 Nc6 3. d4 exd4 4. Nxd4 Nf6 5. Nxc6 bxc6 6. e5 Qe7 7. Qe2 Nd5 8. h4 Bb7 {C45: Scotch Game} 9. c4 Nb6 {LiveBook: 4 Games} 10. Rh3 Qe6 {The position is equal.} 11. Bf4 $146 ({Predecessor:} 11. f4 O-O-O 12. a4 d5 13. a5 Nxc4 14. b3 Bb4+ 15. Kf2 Nxa5 16. Bd2 {½-½ (73) Nakamura,H (2781)-Carlsen,M (2837) London 2017}) 11... a5 12. Nd2 {[%cal Bb1d2,Bd2e4,Be4g3][%mdl 32]} O-O-O 13. O-O-O a4 14. Ne4 f6 15. exf6 gxf6 16. Qc2 c5 (16... d5 $142) 17. Re3 Qf7 18. Ng3 d5 19. Qf5+ Kb8 20. Re6 Bd6 21. Rxf6 Qe8 22. Re6 $2 {[%mdl 8192]} (22. Bxd6 $16 {stays on course.} Rxd6 23. Rxd6 cxd6 24. cxd5) 22... Qf8 $2 ({Better is} 22... Bxf4+ $19 23. Kb1 Qd7) 23. Rf6 {aiming for Bxd6.} Qe8 $1 24. Bg5 $2 (24. Bxd6 $16 {keeps the pressure on.} Rxd6 25. Rxd6 cxd6 26. cxd5) 24... a3 $1 $17 {[%cal Ra3b2]} 25. Re6 axb2+ 26. Kb1 (26. Kxb2 $17 {was forced.} Qa4 27. Qc2) 26... Qa4 $40 {[%mdl 128] Black goes for the king.} 27. Qc2 {[#]} Rdf8 $1 {[%cal Rf8f2]} 28. Bf6 Rhg8 29. Bd3 (29. Nh5 $142 Qxc2+ 30. Kxc2) 29... Bc8 30. Rxd6 cxd6 31. Be7 {[#]} Rxf2 $1 {[%mdl 512]} 32. Bxd6+ (32. Qxf2 Qxd1+) 32... Ka7 33. Rd2 Qxc2+ 34. Rxc2 Rxc2 35. Kxc2 (35. Bxc2 {was the only defense.} Nxc4 36. Bxc5+ Kb7 37. Bf2) 35... dxc4 36. Bxh7 Rg7 37. Be4 Na4 {...c3 is the strong threat.} 38. h5 Rxg3 (38... Rf7 $142 {White must now prevent ...Rf2+.} 39. Kd2 Rd7) 39. Bxg3 {[%mdl 4096] Endgame KBB-KBN} b1=Q+ 40. Kxb1 Nc3+ 41. Kb2 Nxe4 42. Bf4 (42. Be1 $142) 42... Kb6 43. h6 {And now h7 would win.} Bf5 44. g4 Bg6 45. Be3 (45. Be5 $142) 45... Kb5 46. Ka3 (46. Bc1 $19) 46... c3 (46... Nc3 $142 47. h7 Bxh7 48. Bg1 Ne2 49. Be3 c3 50. Kb3 c4+ 51. Ka3 c2 52. g5 c1=Q+ 53. Bxc1 Nxc1 54. Kb2 Ne2 55. g6 Bxg6 56. Ka3 c3 57. Kb3 c2 58. a4+ Kc5 59. a5 c1=Q 60. a6 Qc3+ 61. Ka4 Be8#) 47. Kb3 c4+ {[%cal Bc5c4,Bc4c3][%mdl 32]} 48. Kc2 Nf6+ 49. Kxc3 {[#]} Nd5+ $1 {Black mates.} 50. Kd4 Nxe3 51. Kxe3 c3 52. Ke2 Ka4 53. Kd1 Ka3 54. Kc1 Kxa2 55. g5 Kb3 {Precision: White = 35%, Black = 65%.} 0-1

[Event "NED-ch Women 2018"]
[Site "Amsterdam"]
[Date "2018.07.07"]
[Round "6"]
[White "Haast, Anne"]
[Black "Ratsma, Rosa"]
[Result "1/2-1/2"]
[WhiteElo "2343"]
[BlackElo "2265"]
[Annotator "NA"]
[PlyCount "99"]
[EventDate "2018.07.02"]
[EventType "tourn"]
[EventCountry "NED"]
[SourceTitle "playchess.com"]
[Source "ChessBase"]
[SourceQuality "1"]
[TimeControl "40/5400+30:1800+30"]

1. e4 {[%emt 0:00:00]} c5 {[%emt 0:00:00]} 2. Nf3 {[%emt 0:00:01]} Nc6 {[%emt 0:00:00]} 3. d4 {[%emt 0:07:34]} cxd4 {[%emt 0:00:04]} 4. Nxd4 {[%emt 0:00:32]} g6 {[%emt 0:00:19]} 5. c4 {[%emt 0:04:48]} Nf6 {[%emt 0:00:26]} 6. Nc3 {[%emt 0:01:27]} d6 {[%emt 0:00:15]} 7. Be2 {[%emt 0:05:08]} Nxd4 {[%emt 0:00:19] LiveBook: 2054 Games} 8. Qxd4 {[%emt 0:00:05]} Bg7 {[%emt 0:00:11]} 9. Be3 {[%emt 0:01:20]} O-O {[%emt 0:00:27]} 10. Qd2 {[%emt 0:00:41]} a5 {[%emt 0:00:22]} 11. Rd1 {[%emt 0:05:50]} Be6 {[%emt 0:02:49]} 12. b3 {[%emt 0:01:33]} a4 {[%emt 0:01:19]} 13. e5 {[%emt 0:06:47]} Ng4 {[%emt 0:08:24]} 14. Bxg4 {[%emt 0:08:18]} Bxg4 {[%emt 0:00:16]} 15. f3 {[%emt 0:00:21]} Bf5 {[%emt 0:09:14]} (15... Be6 $5 {[%cal Ra4b3]}) 16. Nxa4 {[%emt 0:03:46]} Bxe5 {[%emt 0:01:35]} 17. O-O {[%emt 0:02:14]} Qa5 {[%emt 0:09:37]} 18. Qxa5 {[%emt 0:06:08]} Rxa5 {[%emt 0:00:07]} 19. Bb6 {[%emt 0:00:35]} Ra6 {[%emt 0:03:07]} 20. Bd4 {[%emt 0:01:30]} Bf4 {[%emt 0:13:39]} 21. g3 {[%emt 0:10:51]} Bh6 {[%emt 0:01:00]} 22. Rfe1 {[%emt 0:03:41]} Bc2 {[%emt 0:11:33]} 23. Ra1 {[%emt 0:00:10]} e5 {[%emt 0:03:00]} 24. Be3 {[%emt 0:03:05]} Bg7 {[%emt 0:01:11]} 25. Rac1 {[%emt 0:01:08]} Bf5 {[%emt 0:06:07]} 26. Nc3 {[%emt 0:02:42]} Be6 {[%emt 0:03:52]} 27. a4 {[%emt 0:02:07]} f5 {[%emt 0:03:38]} 28. Rcd1 {[%emt 0:01:05]} Rc8 {[%emt 0:02:17]} 29. Nd5 {[%emt 0:02:26]} Kf7 {[%emt 0:00:52]} 30. Nb4 {[%emt 0:01:34]} Raa8 {[%emt 0:02:38]} 31. Rxd6 {[%emt 0:00:40]} b5 {[%emt 0:00:54]} 32. Rxe6 {[%emt 0:04:29]} Kxe6 {[%emt 0:00:16]} 33. axb5 {[%emt 0:00:22]} Ra3 {[%emt 0:02:20]} 34. Rb1 {[%emt 0:01:33]} f4 {[%emt 0:00:46]} 35. Bf2 {[%emt 0:01:22]} fxg3 {[%emt 0:02:01]} 36. hxg3 {[%emt 0:00:04]} e4 {[%emt 0:02:01]} 37. b6 {[%emt 0:04:07]} Be5 {[%emt 0:04:21]} 38. fxe4 {[%emt 0:00:43]} Rf8 {[%emt 0:01:35]} 39. Nd3 {[%emt 0:03:41]} Ra2 {[%emt 0:02:13]} 40. b7 {[%emt 0:03:43]} Bb8 {[%emt 0:04:06]} 41. Nf4+ {[%emt 0:13:14]} Kd7 {[%emt 0:07:35]} 42. Bc5 {[%emt 0:02:25]} Rf7 {[%emt 0:06:13]} 43. b4 {[%emt 0:01:06]} Kc6 {[%emt 0:03:08]} 44. Rd1 {[%emt 0:03:35]} Kxb7 {[%emt 0:02:07]} 45. Bd6 {[%emt 0:00:56]} Bxd6 {[%emt 0:03:05]} 46. Rxd6 {[%emt 0:00:01]} g5 {[%emt 0:00:20]} 47. Ne6 {[%emt 0:03:23]} Rf3 {[%emt 0:01:39]} 48. e5 {[%emt 0:01:23]} Rxg3+ {[%emt 0:00:46]} 49. Kh1 {[%emt 0:00:34]} Re3 {[%emt 0:03:03]} 50. Rd7+ {[%emt 0:00:32]} 1/2-1/2

[Event "NED-ch Women 2018"]
[Site "Amsterdam"]
[Date "2018.07.07"]
[Round "6"]
[White "Lanchava, Tea"]
[Black "Hortensius, Lisa"]
[Result "1-0"]
[WhiteElo "2310"]
[BlackElo "2169"]
[Annotator "NA"]
[PlyCount "97"]
[EventDate "2018.07.02"]
[EventType "tourn"]
[EventCountry "NED"]
[SourceTitle "playchess.com"]
[Source "ChessBase"]
[SourceQuality "1"]
[TimeControl "40/5400+30:1800+30"]

1. c4 g6 2. g3 Bg7 3. Bg2 e5 4. e4 Ne7 5. d3 d6 6. Nc3 c5 7. h4 h5 8. Bg5 f6 9. Be3 Nbc6 10. Qd2 Be6 11. Nh3 Qd7 12. f3 Nd4 13. Nf2 f5 14. Bg5 O-O-O 15. Nd5 Bxd5 16. exd5 Kb8 17. O-O Rdf8 18. b4 cxb4 19. Rab1 b3 20. Be3 Nc8 21. Bxd4 exd4 22. f4 Bf6 23. axb3 Re8 24. Bf3 Re7 25. b4 Rhe8 26. Ra1 Re3 27. Kg2 Qd8 28. Ra3 Qe7 29. Nd1 Re1 30. Rf2 Qd8 31. Be2 R1xe2 32. Rxe2 Re7 33. Ra2 Qe8 34. Rxe7 Qxe7 35. Qe2 Qf8 36. Qe6 Kc7 37. Re2 Ne7 38. c5 Nc8 39. Nb2 Be7 40. c6 bxc6 41. dxc6 Qe8 42. b5 a6 43. Qd7+ Qxd7 44. cxd7 Kxd7 45. bxa6 d5 46. Na4 Bd6 47. Rb2 Kc6 48. Rc2+ Kd7 49. Nc5+ 1-0

[Event "NED-ch Women 2018"]
[Site "Amsterdam"]
[Date "2018.07.08"]
[Round "6"]
[White "De Mie, Mariska"]
[Black "Paulet, Iozefina"]
[Result "0-1"]
[WhiteElo "2193"]
[BlackElo "2286"]
[Annotator "TA"]
[PlyCount "82"]
[EventDate "2018.07.02"]
[EventType "tourn"]
[EventCountry "NED"]
[SourceTitle "playchess.com"]
[Source "ChessBase"]
[SourceQuality "1"]

{[%evp 14,82,9,11,41,36,35,31,49,27,36,28,45,21,35,9,16,10,146,139,238,212,193,60,56,64,93,71,68,40,48,53,60,29,21,18,56,64,104,67,62,33,97,107,116,120,181,124,112,51,110,0,42,41,56,49,98,115,279,34,65,0,0,0,0,0,0,-606,-585,-525,-489]} 1. e4 e6 2. d4 d5 3. Nc3 Nf6 4. Bg5 Bb4 5. exd5 Qxd5 6. Bxf6 gxf6 7. Qd2 Qg5 {C12: French: Classical System: McCutcheon Variation} 8. Qd3 {LiveBook: 3 Games} (8. f4 {with more complications.} Qa5 9. Nge2 Nd7 10. a3 Nb6 11. Ra2) 8... c6 $146 ({Predecessor:} 8... Nc6 9. Nf3 Qg6 10. O-O-O Qxd3 {½-½ (10) Matikozian,A (2475)-Moradiabadi,E (2547) Los Angeles 2013}) 9. a3 Be7 {White is slightly better.} 10. Nf3 Qg7 11. Qe3 Nd7 12. O-O-O Nb6 13. g3 Bd7 14. Bh3 Nc4 15. Qf4 $1 Qf8 {[#]} (15... O-O-O $11 {keeps the balance.}) 16. d5 $1 $16 Nd6 (16... Nb6 $16 {was called for.}) 17. dxe6 $18 fxe6 18. Rhe1 (18. Bxe6 $18 Bxe6 19. Rhe1) 18... e5 $1 $14 {[%cal Re5f4]} 19. Bxd7+ Kxd7 20. Qa4 Kc7 21. Qa5+ b6 $1 22. Qa6 Qc8 23. Qa4 Re8 24. Ne4 Nb7 25. Qb3 Nd8 26. Kb1 Qe6 27. Qd3 {And now Neg5 would win.} Nf7 (27... Nb7 $1 $14) 28. Nc3 $16 {Nd4! is the strong threat.} Bc5 29. Qxh7 Bxf2 {[#]} (29... Rh8 $16 30. Qg6 Bxf2) 30. Re2 $36 {[%mdl 2048] White is on the roll.} (30. Rf1 $1 $18 {[%cal Rf1f2]} Rh8 31. Qg6) 30... Bc5 31. Red2 ({White should play} 31. b4 $16 Be7 32. Red2) 31... Re7 (31... Rad8 $14) 32. Qh4 (32. Ne4 $16) 32... Rh8 33. Qa4 b5 34. Qa6 $1 Bb6 35. a4 {Hoping for a5.} Qg4 $2 (35... Kb8 $16 {was necessary.}) 36. a5 $2 (36. axb5 $18 Qc4 37. Nh4) 36... Be3 $14 37. Nd4 ({Better is} 37. Nh4 $14) 37... Bxd4 $11 {[#]} 38. Rxd4 $1 {[%mdl 512]} exd4 39. Qxa7+ Kc8 40. Qa8+ $2 {[%mdl 8192]} (40. Qxe7 $11 dxc3 41. Rd3) 40... Kd7 $19 41. Qa7+ Ke6 {Precision: White = 44%, Black = 33%.} 0-1

[Event "NED-ch Women 2018"]
[Site "Amsterdam"]
[Date "2018.07.09"]
[Round "6"]
[White "De Mie, Mariska"]
[Black "Paulet, Iozefina"]
[Result "0-1"]
[WhiteElo "2193"]
[BlackElo "2286"]
[Annotator "TA"]
[PlyCount "82"]
[EventDate "2018.07.02"]
[EventType "tourn"]
[EventCountry "NED"]
[SourceTitle "playchess.com"]
[Source "ChessBase"]
[SourceQuality "1"]

{[%evp 14,82,36,15,41,37,50,41,46,23,32,16,33,14,29,8,13,15,106,125,221,229,234,71,78,82,84,53,73,47,58,59,47,39,30,23,63,69,91,69,66,29,95,101,122,116,184,120,117,71,104,0,53,42,41,33,111,108,325,85,86,0,0,0,0,0,-16,-627,-615,-598,-512]} 1. e4 e6 2. d4 d5 3. Nc3 Nf6 4. Bg5 Bb4 5. exd5 Qxd5 6. Bxf6 gxf6 7. Qd2 Qg5 {C12: French: Classical System: McCutcheon Variation} 8. Qd3 {LiveBook: 3 Games} c6 $146 ({Predecessor:} 8... Nc6 9. Nf3 Qg6 10. O-O-O Qxd3 {½-½ (10) Matikozian,A (2475)-Moradiabadi,E (2547) Los Angeles 2013}) 9. a3 (9. Nf3 {is more complex.} Qh6 10. a3 Be7 11. g3 O-O 12. g4) 9... Be7 {White is slightly better.} 10. Nf3 Qg7 11. Qe3 Nd7 12. O-O-O Nb6 13. g3 Bd7 14. Bh3 Nc4 15. Qf4 $1 Qf8 {[#]} (15... O-O-O $11) 16. d5 $1 $16 {Threatens to win with Rhe1.} Nd6 (16... Nb6 $16 {was worth a try.}) 17. dxe6 $18 fxe6 18. Rhe1 $2 (18. Bxe6 $18 Bxe6 19. Rhe1) 18... e5 $16 19. Bxd7+ Kxd7 20. Qa4 Kc7 $1 21. Qa5+ b6 $1 22. Qa6 Qc8 23. Qa4 Re8 24. Ne4 Nb7 25. Qb3 Nd8 26. Kb1 Qe6 27. Qd3 {Hoping for Neg5.} Nf7 (27... Nb7 $1 $11) 28. Nc3 {Black must now prevent Nd4!} Bc5 29. Qxh7 Bxf2 (29... Rh8 $16 30. Qg6 Bxf2) 30. Re2 $36 {[%mdl 2048] Keeping Black busy.} ({White should play} 30. Rf1 $18 Rh8 31. Qg6) 30... Bc5 31. Red2 Re7 32. Qh4 (32. b4 $16 Bd6 33. Qe4) 32... Rh8 ({Better is} 32... f5 $11) 33. Qa4 $1 $14 b5 34. Qa6 Bb6 {[#]} (34... Kb8 $14) 35. a4 $1 $16 {[%cal Ra4a5]} Qg4 $2 (35... bxa4 $16 {might work better.} 36. Nxa4 Qc8) 36. a5 $2 (36. axb5 $18 {and the rest is easy.} Qc4 37. Nh4) 36... Be3 37. Nd4 (37. Rd3 $16 Qxf3 38. Re1) 37... Bxd4 $11 {[#]} 38. Rxd4 $1 {[%mdl 512]} exd4 39. Qxa7+ Kc8 40. Qa8+ $2 {[%mdl 8192]} (40. Qxe7 $11 dxc3 41. Rd3) 40... Kd7 $19 41. Qa7+ Ke6 {Precision: White = 46%, Black = 35%.} 0-1